• 首页
  • 本馆介绍
  • 公告通知
  • 最新文献
  • 馆藏检索
  • 电子资源
  • 读者导购
  • 参考咨询
  • 我的图书馆
  • 登录
  • 详细信息显示
  • 放入我的书架
  • 预约/预借图书
  • 作者相关作品
  • 分类相关作品
  • 丛书相关作品
  • 出版社相关作品

书目信息

  • 表格格式
  • 工作单格式
  • 卡片格式
书名: Organic chemistry for higher education
作者: John Brockington, Peter Stamper.
分册号:
分册名:
出版地: London :
 
出版社: Longman
出版时间: 1982.
页数: 341 p.
开本:
丛书名: Longman technician series
中图分类号:
科图分类号:
其他分类号: O62-43
主题词:
电子资源:
000 00602nam 22002057a 4500
001 E0753419518
005 20070301145720.84
008 030624s1982 enka 001 0 eng d
020    @a0582412307.
040    @aNUL@cNUL
090    @aP44/W176
090    @aO62-43
099    @dO62-43@ex2
100 1  @aBrockington, John.
245 10 @aOrganic chemistry for higher education / @cJohn Brockington, Peter Stamper.
260    @aLondon :@bLongman,@c1982.
300    @a341 p.
440  0 @aLongman technician series.@pMathematics and sciences sector
700 1  @aStamper, Peter.
920    @a232010@z2
    
    Organic chemistry for higher education / / John Brockington, Peter Stamper.-London : : Longman, , 1982.
    341 p.- (Longman technician series. Mathematics and sciences sector )
    
    
    ISBN 0582412307.
    
●
相关链接 在E读中查询图书 在五车中查询图书 在当当中查询图书 在豆瓣中查询图书


正题名:Organic chemistry for higher education     索取号:O62-43/x2         预约/预借

序号 登录号 条形码 馆藏地/架位号 状态 备注
1 180264   000637403   第四借阅区/ [索取号:O62-43/x2] 在馆    
2 180265   001470170   第四借阅区/ [索取号:O62-43/x2] 在馆    
3 180267   000637421   第四借阅区/ [索取号:O62-43/x2] 在馆    
4 180268   000637412   第二样本阅览室/ [索取号:O62-43/x2] 在馆    
5 182907   000637396   第四借阅区/ [索取号:O62-43/x2] 在馆    
唐山师范学院图书馆 欢迎您!
大连网信软件有限公司© 版权所有